Cinéma Clic - Qui meurt ou reste en vie dans le film Léon (1994) ? - Statistiques

Statistiques générales
  • Ce quiz a été pris 74 fois
  • Le résultat moyen est 14 sur 20
Statistiques - réponses
Hint Extra Hint Réponse % Correct
Léon Meurt dans le film
90%
le père de Mathilda Meurt dans le film
90%
Norman Stansfield Meurt dans le film
89%
la belle-mère de Mathilda Meurt dans le film
87%
la demi-sœur de Mathilda Meurt dans le film
87%
Willie, agent de Stansfield aux dreadlock Meurt dans le film
86%
Mathilda Reste en vie dans le film
86%
Malky, agent de Stansfield Meurt dans le film
83%
le petit frère de Mathilda Meurt dans le film
83%
Garde du corps de Mr Jones Meurt dans le film
81%
la vieille dame Reste en vie dans le film
79%
Tonto Meurt dans le film
71%
la directrice du pensionnat Reste en vie dans le film
71%
le réceptionniste de l'hôtel Reste en vie dans le film
70%
Le chauffeur de taxi de Mathilda Reste en vie dans le film
63%
Le joggeur Reste en vie dans le film
60%
la blonde avec M. Jones Reste en vie dans le film
52%
Tony Reste en vie dans le film
51%
Benny, agent de Stansfield Reste en vie dans le film
27%
M. Jones, surnommé "Fatman" Reste en vie dans le film
27%
Aucun quiz correspondant
Distribution des résultats
% des personnes avec chaque résultat
Percentile par nombre de réponses
Votre historique - résultats
Vous n’avez pas pris ce quiz